000 00558nam a2200229Ia 4500
001 832
003 GE_BSU
008 181216s||||||||xx |||||||||||||| ||und||
040 _cGE_BSU
080 _a575
100 _aАуэрбах,Ш
245 _aПроблемы мутагенеза
245 _bПер. с англ.
245 _cПод ред. Н.И. Шапиро
260 _aМосква
260 _bМир
260 _c1978
300 _a463стр.
541 _h12ლ.
653 _aПроблемы мутагенеза
942 _cBK
999 _c34995
_d34995